| 000 | 00848nam a22002417a 4500 | ||
|---|---|---|---|
| 003 | UA-OsUOA | ||
| 001 | 29228 | ||
| 007 | ta | ||
| 008 | 20041004b un ||||| |||| 00| 0 ukr d | ||
| 090 |
_a811.161.2 _bК12 |
||
| 942 | _cBK | ||
| 040 |
_aUA-OsUOA _bukr _cUA-OsUOA _dUA-OsUOA |
||
| 245 |
_aКабінет української мови у середньому і вищому навчальному закладі _bНавчальний посібник для загальноосвітніх і вищих навчальних закладів _cРед. М.М.Духовна |
||
| 300 | _a76 с. | ||
| 955 | _a0 | ||
| 041 | _aukr | ||
| 080 | _a811.161.2 | ||
| 020 | _a5-7763-9782-0 | ||
| 260 |
_aКиїв _bІнститут системних досліджень освіти _c1995 |
||
| 044 | _aUA | ||
| 650 | 7 | _2UDC | |
| 999 |
_c315609 _d315609 |
||